000 01082nam a2200229 i 4500
001 170639
003 ES-MaACL
005 20250824073038.0
008 090325s1929 ag |||| | spa d
080 _a821.134.2 (82)-3"18"
100 1 _aGorriti, Juana Manuela.
_9127485
245 1 3 _aEl tesoro de los incas
_b: (leyenda histórica) /
_cpor Juana Manuela Gorriti ; [noticia de José María Monner Sans].
260 _aBuenos Aires :
_b[s.n.],
_c1929 (
_fImp. de la Universidad)
300 _a3 h., p. 238-268 ;
_c23 cm.
490 1 _aSección de documentos. Cuarta serie. T. I: Novela / Facultad de Filosofía y Letras de la Universidad de Buenos Aires, Instituto de Literatura Argentina ;
_v6
650 0 4 _aIncas.
_913645
700 1 _aMonner Sans, José María.
_982239
710 2 _aUniversidad de Buenos Aires.
_bInstituto de Literatura Argentina.
_9139614
830 0 0 _aSección de documentos.
_pCuarta serie.
_pNovela (Instituto de Literatura Argentina)
_v6
_9223060
852 _aES-MaACL
_jC-6632(4)
_z- Enc. en un vol. facticio
999 _c170639
_d170639